MARC

LEADER 00000nam0a2200000 4500
001 370927
005 20231102012329.0
035 |a (RuTPU)RU\TPU\retro\28336 
035 |a RU\TPU\retro\28332 
090 |a 370927 
100 |a 20220817d1962 k y0rusy50 ca 
101 0 |a rus 
102 |a RU 
105 |a a z 001zy 
200 1 |a Основные породы и проблемы их генезиса  |f Академия наук СССР (АН СССР), Институт геологии рудных месторождений, петрографии, минералогии и геохимии (ИГЕМ) ; отв. ред. А. П. Лебедев 
210 |a Москва  |c Изд-во АН СССР  |d 1962 
215 |a 319 с.  |c ил. 
225 1 |a Труды института геологии рудных месторождений, петрографии, минералогии и геохимии  |v Вып. 77 
320 |a Библиогр. в конце ст. 
606 1 |a Геологические формации, магматические  |2 stltpush  |3 (RuTPU)RU\TPU\subj\6087  |9 34047 
610 1 |a магматизм 
610 1 |a рудообразование 
610 1 |a интрузии 
610 1 |a траппы 
610 1 |a Урал 
610 1 |a Нижняя Тунгуска 
610 1 |a диабазы 
610 1 |a щелочные порфириты 
610 1 |a полиметаморфические комплексы 
610 1 |a генезис 
675 |a 552.3  |v 4 
702 1 |a Лебедев  |b А. П.  |4 340 
712 0 2 |a Академия наук СССР (АН СССР)  |b Институт геологии рудных месторождений, петрографии, минералогии и геохимии (ИГЕМ)  |c (Москва)  |2 stltpush  |3 (RuTPU)RU\TPU\col\11398 
801 1 |a RU  |b 63413507  |c 20150615 
801 2 |a RU  |b 63413507  |c 20220817  |g RCR 
942 |c BK